Footballer's country#4 - Statistics

General Stats
  • This quiz has been taken 29 times
  • The average score is 12 of 15
Answer Stats
Footballer Answer % Correct
Griezmann France
100%
Ibrahimovic Sweden
100%
Stones England
97%
Lukaku Belgium
93%
Rakitic Croatia
93%
Diego costa Spain
93%
Torres Spain
93%
Higuain Argentina
90%
Golovin Russia
86%
Puskas Hungary
83%
Mina Colombia
76%
Caceres Uruguay
72%
Arnason Iceland
55%
Inui Japan
55%
Kahzri Tunisia
48%
No matching quizzes found
Score Distribution
Percent of People with Each Score
Percentile by Number Answered
Your Score History
You have not taken this quiz